| 000 | 00401pam a2200157a 44500 | ||
|---|---|---|---|
| 008 | 230515b2012 xxu||||| |||| 00| 0 eng d | ||
| 020 | _aNULL | ||
| 041 | _aENGLISH | ||
| 082 | _a610.73 | ||
| 100 | _aBARBARA ACELLO&BABARAKAST | ||
| 245 | _aCOMPETENCY EXAM PREP AND REVIEW FOR NURSING ASSISTANTS | ||
| 250 | _a2000 | ||
| 260 |
_a _bDELMAR THOMSON LEARNING _c2012 |
||
| 300 | _a368 | ||
| 650 | _aNULL | ||
| 999 |
_c530914 _d530914 |
||